| 000 | 00362nam a2200157Ia 4500 | ||
|---|---|---|---|
| 008 | 210210b1931 xxu||||| |||| 00| 0 eng d | ||
| 041 | _aeng | ||
| 082 | _a822/850 | ||
| 100 | _aMILNE (A A) | ||
| 245 | _aSunny side | ||
| 260 |
_aLondon _bMethuen and Company Limited _c1931 |
||
| 650 | _aSunny | ||
| 650 | _aside | ||
| 690 | _aEnglish Prose | ||
| 906 | _a013034 | ||
| 999 |
_c131868 _d131868 |
||